000 00659nam a2200289Ia 4500
005 20260324132850.0
008 008 260324s9999 xx 000 0 eng d
020 _a9780203356616
037 _aEBOOK
040 _aCRL
040 _beng
040 _cCRL
041 _2eng
041 _aeng
084 _qCRL
100 _aSusan Bassnett
_9873525
245 0 _aStudying British Cultures
245 3 _bAn Introduction
260 _bTaylor and Francis
260 _c2004
365 _a
365 _b280
856 _uhttp://www.taylorfrancis.com/books/9780203356616
942 _cEBOOK
999 _c1789399
_d1789399